00664 2200241 4500001002100000005001500021035002000036007000300056008004100059020002200100082001000122084001600132100001900148245007600167250001000243260004700253300003100300650002000331700001900351504003000370990001100400990001100411INLIS00000000000420520191014103844 a0010-1019000057ta191014 g 0 ind  a978-602-7996-58-8 a613.7 a613.7 NOR t0 aNOR, Islafatun1 aThe Magic Movements Of Yoga /cNor Islafatun; penyunting, Eista Swaesti acet.1 aYogyakarta :bTrans Idea Publishing,c2017 a181 hlm. :bilus. ;c23 cm 4aKESEHATAN. YOGA0 aEISTA, Swaesti aBibliografi : hlm.177-181 a6915 a a6915 b